[Event "XXXIII. ODPRTO PRVENSTVO KOMENDE 2019"]
[Site "Komenda"]
[Date "2019.09.06"]
[Round "1.1"]
[White "Sefic, Lana"]
[Black "Lavrencic, Matic"]
[Result "0-1"]
[WhiteElo "1185"]
[BlackElo "1690"]
[PlyCount "52"]
[EventDate "2019.09.06"]

1. c4 e5 2. g3 Nc6 3. Bg2 f5 4. e3 Nf6 5. d3 Bb4+ 6. Bd2 Bxd2+ 7. Qxd2 O-O 8.
Ne2 Qe8 9. Nbc3 d6 10. O-O-O a6 11. Kb1 Be6 12. Nd5 Qd7 13. Nec3 b5 14. b3 bxc4
15. dxc4 Rab8 16. h4 Na5 17. Kc2 Ne8 18. Rhf1 c6 19. Nb6 Rxb6 20. Na4 Nxc4 21.
Nxb6 Nxb6 22. Qa5 Qb7 23. Kc1 Nd5 24. Rd2 e4 25. Bh3 Nef6 26. Qa3 c5 0-1

[Event "XXXIII. ODPRTO PRVENSTVO KOMENDE 2019"]
[Site "Komenda"]
[Date "2019.09.06"]
[Round "1.2"]
[White "Perme, Martin"]
[Black "Macek, Inti"]
[Result "1-0"]
[WhiteElo "1489"]
[BlackElo "1128"]
[PlyCount "35"]
[EventDate "2019.09.06"]

1. e4 e5 2. Nf3 Nc6 3. Bc4 Bc5 4. Nc3 Nf6 5. d3 O-O 6. Bg5 d6 7. Nd5 Kh8 8. Qd2
Bg4 9. O-O-O Nd4 10. Nxf6 gxf6 11. Bh6 Re8 12. h3 Bh5 13. Nxd4 Bxd1 14. Nf5 Bh5
15. Bg7+ Kg8 16. Qh6 Bg6 17. Bxf6 Bxf5 18. Qg7# 1-0

[Event "XXXIII. ODPRTO PRVENSTVO KOMENDE 2019"]
[Site "Komenda"]
[Date "2019.09.06"]
[Round "1.3"]
[White "Lapanje, Ajda"]
[Black "Cimperman, Teo"]
[Result "0-1"]
[WhiteElo "1115"]
[BlackElo "1361"]
[PlyCount "100"]
[EventDate "2019.09.06"]

1. e4 e5 2. Nf3 Nc6 3. Bb5 a6 4. Ba4 Nf6 5. Nc3 b5 6. Bb3 Bc5 7. d3 h6 8. Be3
Bxe3 9. fxe3 d6 10. h3 Be6 11. Bxe6 fxe6 12. O-O O-O 13. Nh4 Nh7 14. Rxf8+ Nxf8
15. Nf3 Ng6 16. d4 exd4 17. exd4 b4 18. Ne2 e5 19. dxe5 Ncxe5 20. Nxe5 dxe5 21.
Qxd8+ Rxd8 22. Kh2 Rd2 23. Ng3 Nf4 24. Rg1 Rxc2 25. Nf5 Rxb2 26. Ne7+ Kf7 27.
Nc6 g5 28. Nxe5+ Ke6 29. Nf3 Rxa2 30. Nd4+ Kd6 31. Nf5+ Ke6 32. Nxh6 Rxg2+ 33.
Rxg2 Nxg2 34. Kxg2 b3 35. Ng4 b2 36. Nf2 b1=Q 37. Kh2 Qf1 38. Kg3 Ke5 39. Kf3
c5 40. Ke3 c4 41. Ng4+ Ke6 42. e5 Qd3+ 43. Kf2 c3 44. Ke1 c2 45. Kf2 Qxh3 46.
Ne3 c1=R 47. Ke2 Rc3 48. Nd1 Qh2+ 49. Ke1 Rc1 50. Kf1 Rxd1# 0-1

[Event "XXXIII. ODPRTO PRVENSTVO KOMENDE 2019"]
[Site "Komenda"]
[Date "2019.09.06"]
[Round "1.4"]
[White "Babarovic, Fran"]
[Black "Timagina, Sofia"]
[Result "1-0"]
[WhiteElo "1235"]
[BlackElo "1098"]
[PlyCount "93"]
[EventDate "2019.09.06"]

1. d4 Nf6 2. c4 g6 3. Nc3 Bg7 4. e4 d6 5. Bf4 O-O 6. Nf3 Nbd7 7. e5 Ne8 8. Bd3
f5 9. exf6 Nexf6 10. O-O Nh5 11. Ng5 Nxf4 12. g3 Nxd3 13. Ne6 Qe8 14. Nxf8 Qxf8
15. Qxd3 Nf6 16. Rfe1 Bf5 17. Qe3 Re8 18. Nb5 e5 19. Nxc7 Re7 20. dxe5 Ng4 21.
Qxa7 Rxc7 22. exd6 Qxd6 23. Rad1 Qc5 24. Qb8+ Bf8 25. Rf1 Rc8 26. Qxb7 Rc7 27.
Qb8 Qc6 28. Qb3 Rb7 29. Qc3 Bg7 30. Rd8+ Kf7 31. Qa3 Qf3 32. Qxf3 Ne5 33. Qxb7+
Kf6 34. f4 Ng4 35. Rd6+ Be6 36. Qc6 Kf7 37. Rxe6 Bd4+ 38. Kh1 Kg7 39. Qd7+ Kh6
40. Qxd4 Kh5 41. Qd8 Kh6 42. Qf8+ Kh5 43. Qg7 Nh6 44. Qxh7 g5 45. Qxh6+ Kg4 46.
Qxg5+ Kh3 47. Qh4# 1-0

[Event "XXXIII. ODPRTO PRVENSTVO KOMENDE 2019"]
[Site "Komenda"]
[Date "2019.09.06"]
[Round "1.5"]
[White "Sefic, Benjamin"]
[Black "Filippovsky, Nikita"]
[Result "0-1"]
[WhiteElo "1286"]
[BlackElo "1210"]
[PlyCount "88"]
[EventDate "2019.09.06"]

1. e4 c5 2. Nc3 d6 3. Nf3 Nc6 4. Bc4 Nf6 5. d3 e6 6. O-O g6 7. d4 cxd4 8. Nxd4
Bg7 9. Nf3 O-O 10. Bf4 Nxe4 11. Nxe4 d5 12. Bd3 dxe4 13. Bxe4 Qxd1 14. Raxd1
Bxb2 15. Rd2 f5 16. Bxc6 bxc6 17. Rb1 Bg7 18. Rd6 c5 19. Rbd1 Re8 20. Rd8 Ba6
21. Rxe8+ Rxe8 22. Rd6 Bc4 23. Nd2 Bxa2 24. Ra6 e5 25. Be3 f4 26. Bxc5 Rd8 27.
h3 Rxd2 28. Rxa2 e4 29. Bxa7 f3 30. Bb6 Rd1+ 31. Kh2 Be5+ 32. g3 Bd4 33. Bc7
Bxf2 34. Ra8+ Kf7 35. Ra2 Bg1+ 36. Kh1 Bb6+ 37. Kh2 Bxc7 38. c3 Rc1 39. Ra3
Rc2+ 40. Kg1 Bxg3 41. Ra7+ Kf6 42. Ra6+ Kf5 43. Ra5+ Kf4 44. Ra7 Rc1# 0-1

[Event "XXXIII. ODPRTO PRVENSTVO KOMENDE 2019"]
[Site "Komenda"]
[Date "2019.09.07"]
[Round "2.1"]
[White "Lavrencic, Matic"]
[Black "Babarovic, Fran"]
[Result "1-0"]
[WhiteElo "1690"]
[BlackElo "1235"]
[PlyCount "67"]
[EventDate "2019.09.07"]

1. e4 c6 2. d4 d5 3. exd5 cxd5 4. c4 Nc6 5. Nf3 Bg4 6. Be3 Bxf3 7. Qxf3 dxc4 8.
Bxc4 Nxd4 9. Bxf7+ Kd7 10. Qxb7+ Qc7 11. Qxc7+ Kxc7 12. Bxd4 Kd7 13. Bxg8 Rxg8
14. Nc3 Rb8 15. O-O-O e6 16. Bxa7+ Kc7 17. Bxb8+ Kxb8 18. Rd8+ Kc7 19. Rhd1 g6
20. R1d7+ Kc6 21. Rf7 Bh6+ 22. Kc2 Rxd8 23. Rxh7 Rd2+ 24. Kc1 Rd7+ 25. Rxh6 Rg7
26. b4 Kb6 27. a4 Rc7 28. Kc2 Rc4 29. Kb3 Rc8 30. Rxg6 Re8 31. a5+ Kb7 32. Rg7+
Ka6 33. Ka4 Rc8 34. b5# 1-0

[Event "XXXIII. ODPRTO PRVENSTVO KOMENDE 2019"]
[Site "Komenda"]
[Date "2019.09.07"]
[Round "2.2"]
[White "Filippovsky, Nikita"]
[Black "Perme, Martin"]
[Result "0-1"]
[WhiteElo "1210"]
[BlackElo "1489"]
[PlyCount "48"]
[EventDate "2019.09.07"]

1. e4 c5 2. Nf3 d6 3. d4 cxd4 4. Nxd4 Nf6 5. f3 g6 6. Nc3 Bg7 7. Be3 O-O 8. Qd2
Nc6 9. Nxc6 bxc6 10. Bh6 Rb8 11. Bxg7 Kxg7 12. O-O-O Bd7 13. b3 a5 14. a4 Qb6
15. Qd4 c5 16. Qc4 Rfc8 17. Qa6 Qb4 18. Kb2 c4 19. Nb5 cxb3 20. cxb3 Bxb5 21.
Bxb5 Rc3 22. Rd3 Qxb3+ 23. Ka1 Qa3+ 24. Kb1 Rxd3 0-1

[Event "XXXIII. ODPRTO PRVENSTVO KOMENDE 2019"]
[Site "Komenda"]
[Date "2019.09.07"]
[Round "2.3"]
[White "Cimperman, Teo"]
[Black "Perme, Stanko"]
[Result "1-0"]
[WhiteElo "1361"]
[BlackElo "1624"]
[PlyCount "49"]
[EventDate "2019.09.07"]

1. e4 e5 2. Nf3 Nc6 3. Bc4 Bc5 4. Nc3 Nf6 5. d3 h6 6. Be3 Bb6 7. Bxb6 axb6 8.
Nd5 O-O 9. O-O d6 10. h3 Be6 11. Re1 Qd7 12. Nxf6+ gxf6 13. Nh4 Bxh3 14. gxh3
Qxh3 15. Qh5 Kh7 16. Bxf7 Rg8+ 17. Bg6+ Rxg6+ 18. Qxg6+ Kh8 19. Qxf6+ Kg8 20.
Re3 Qd7 21. Rg3+ Kh7 22. Qg6+ Kh8 23. Qxh6+ Qh7 24. Qf6+ Qg7 25. Qxg7# 1-0

[Event "XXXIII. ODPRTO PRVENSTVO KOMENDE 2019"]
[Site "Komenda"]
[Date "2019.09.07"]
[Round "2.4"]
[White "Timagina, Sofia"]
[Black "Sefic, Lana"]
[Result "1/2-1/2"]
[WhiteElo "1098"]
[BlackElo "1185"]
[PlyCount "177"]
[EventDate "2019.09.07"]

1. e4 e5 2. Bc4 Nc6 3. Nf3 Bc5 4. Nc3 Nf6 5. d3 h6 6. Be3 Bb6 7. h3 d6 8. d4
exd4 9. Nxd4 Ba5 10. Qf3 Ne5 11. Qe2 Nxe4 12. O-O Nxc3 13. bxc3 O-O 14. Bb3 Qf6
15. f4 Ng6 16. Qf3 Bxc3 17. Rad1 Re8 18. Ne2 Ba5 19. Qg3 b6 20. Bd5 Rb8 21. Rf3
Qh4 22. Qxg6 Be6 23. Bxe6 Rxe6 24. Qg3 Qxg3 25. Rxg3 Rbe8 26. Rd3 Kh7 27. Nc3
Bxc3 28. Rxc3 c5 29. Bf2 d5 30. Rce3 d4 31. Rxe6 Rxe6 32. Ra3 Re2 33. Kf1 Rxc2
34. Ke1 a5 35. Bg3 c4 36. Kd1 d3 37. Ra4 Rxg2 38. Bh4 c3 39. Be1 c2+ 40. Kc1
Rg1 41. Re4 d2+ 42. Kxd2 Rg2+ 43. Kc1 Kg6 44. Bd2 Kf5 45. Rc4 Rg1+ 46. Kxc2 Rg2
47. Kd1 Rg1+ 48. Ke2 Rg2+ 49. Ke3 Rg3+ 50. Ke2 Rxh3 51. Rc3 Rh2+ 52. Ke3 h5 53.
Be1 Rxa2 54. Rb3 a4 55. Rxb6 Ra3+ 56. Kf2 Kxf4 57. Rb4+ Kf5 58. Rb5+ Kg6 59.
Rb6+ f6 60. Kg2 Rb3 61. Ra6 Ra3 62. Kf2 Kg5 63. Bd2+ Kg4 64. Bb4 Ra2+ 65. Kg1
h4 66. Kh1 h3 67. Re6 Kf5 68. Re1 g5 69. Rg1 Rb2 70. Bc3 Rf2 71. Ra1 g4 72.
Rxa4 Kg5 73. Ra1 f5 74. Rd1 Rg2 75. Rf1 f4 76. Be5 f3 77. Bh2 Kf5 78. Bc7 f2
79. Bh2 Ke4 80. Bc7 g3 81. Bxg3 Rxg3 82. Rxf2 Ra3 83. Rf1 Ra2 84. Rf8 Ra3 85.
Re8+ Kf5 86. Rf8+ Ke6 87. Kh2 Ke7 88. Rh8 Ra1 89. Rxh3 1/2-1/2

[Event "XXXIII. ODPRTO PRVENSTVO KOMENDE 2019"]
[Site "Komenda"]
[Date "2019.09.07"]
[Round "2.5"]
[White "Macek, Inti"]
[Black "Lapanje, Ajda"]
[Result "1-0"]
[WhiteElo "1128"]
[BlackElo "1115"]
[PlyCount "61"]
[EventDate "2019.09.07"]

1. d4 d5 2. c4 dxc4 3. Nc3 Bf5 4. e4 Bg6 5. Bxc4 Nf6 6. e5 Bh5 7. Nge2 Ng8 8.
O-O Nc6 9. Bb5 e6 10. Be3 Be7 11. Qd2 Qd7 12. Nf4 Bg6 13. d5 exd5 14. Rfd1
O-O-O 15. Nfxd5 Qe6 16. Bxc6 Qxc6 17. Nxe7+ Nxe7 18. Qe2 a6 19. Rac1 Rxd1+ 20.
Qxd1 Nf5 21. Nd5 Nxe3 22. Ne7+ Kb8 23. Nxc6+ bxc6 24. fxe3 Be4 25. Qd2 Bd5 26.
Rc5 Rd8 27. Qb4+ Kc8 28. e4 Bxa2 29. Qa4 Be6 30. Qxc6 Rd7 31. Qa8# 1-0

[Event "XXXIII. ODPRTO PRVENSTVO KOMENDE 2019"]
[Site "Komenda"]
[Date "2019.09.07"]
[Round "3.1"]
[White "Perme, Martin"]
[Black "Lavrencic, Matic"]
[Result "1/2-1/2"]
[WhiteElo "1489"]
[BlackElo "1690"]
[PlyCount "53"]
[EventDate "2019.09.07"]

1. e4 c5 2. Nf3 e6 3. d4 cxd4 4. Nxd4 Nf6 5. Nc3 d6 6. Bg5 h6 7. Be3 a6 8. Bd3
Nc6 9. Qd2 Ng4 10. Nxc6 bxc6 11. O-O Nxe3 12. Qxe3 Be7 13. f4 Rb8 14. Rab1 d5
15. Qg3 O-O 16. f5 Bd6 17. Qg4 exf5 18. exf5 Qc7 19. Qh5 f6 20. Ne2 Bd7 21. Kh1
Be8 22. Qh4 c5 23. c3 Bc6 24. Nf4 Bxf4 25. Rxf4 Rb6 26. Rg4 Kh7 27. Rg6 1/2-1/2

[Event "XXXIII. ODPRTO PRVENSTVO KOMENDE 2019"]
[Site "Komenda"]
[Date "2019.09.07"]
[Round "3.2"]
[White "Babarovic, Fran"]
[Black "Cimperman, Teo"]
[Result "0-1"]
[WhiteElo "1235"]
[BlackElo "1361"]
[PlyCount "80"]
[EventDate "2019.09.07"]

1. d4 Nf6 2. c4 g6 3. Nc3 Bg7 4. e4 d6 5. Nf3 O-O 6. Bd3 Nc6 7. d5 Nb4 8. Bb1
Na6 9. h3 e5 10. O-O Ne8 11. Bg5 f6 12. Bh4 Qd7 13. a3 f5 14. exf5 gxf5 15. Ng5
Qe7 16. Nf3 Bf6 17. Bxf6 Qxf6 18. Qe2 Rf7 19. Nd4 Rg7 20. Nc2 f4 21. Qh5 Bf5
22. g4 Rg5 23. Ne4 Bxe4 24. Qh4 Rg6 25. Qxf6 Nxf6 26. f3 Bxc2 27. Bxc2 Rg7 28.
b4 h5 29. Bf5 hxg4 30. fxg4 Rf8 31. Rae1 Nh5 32. Kh2 Ng3 33. Be6+ Kh8 34. c5
Nxf1+ 35. Rxf1 dxc5 36. bxc5 Nxc5 37. Bf5 Rd8 38. Rd1 c6 39. dxc6 Rxd1 40. c7
Rxc7 0-1

[Event "XXXIII. ODPRTO PRVENSTVO KOMENDE 2019"]
[Site "Komenda"]
[Date "2019.09.07"]
[Round "3.3"]
[White "Perme, Stanko"]
[Black "Filippovsky, Nikita"]
[Result "0-1"]
[WhiteElo "1624"]
[BlackElo "1210"]
[PlyCount "74"]
[EventDate "2019.09.07"]

1. e4 e5 2. Nf3 Nc6 3. Bc4 Nf6 4. Nc3 Bc5 5. d3 Ng4 6. O-O h5 7. Bg5 f6 8. Bh4
g5 9. h3 gxh4 10. Nxh4 Nxf2 11. Rxf2 Bxf2+ 12. Kxf2 d6 13. Kg1 Qe7 14. Nd5 Qg7
15. Qe2 Nd4 16. Qf2 Bxh3 17. Nxf6+ Ke7 18. Nd5+ Kd7 19. Nf6+ Kc8 20. c3 Nc6 21.
Rf1 Bxg2 22. Nxg2 b6 23. Bd5 Kb7 24. b4 a6 25. a4 b5 26. a5 Raf8 27. Qh4 Rh6
28. Rc1 Qxf6 29. Qe1 Qg5 30. c4 Rg6 31. Rc2 h4 32. cxb5 axb5 33. Bxc6+ Kb8 34.
Bxb5 h3 35. Qc3 Qxg2+ 36. Rxg2 Rxg2+ 37. Kh1 Rf1# 0-1

[Event "XXXIII. ODPRTO PRVENSTVO KOMENDE 2019"]
[Site "Komenda"]
[Date "2019.09.07"]
[Round "3.4"]
[White "Sefic, Lana"]
[Black "Sefic, Benjamin"]
[Result "1-0"]
[WhiteElo "1185"]
[BlackElo "1286"]
[PlyCount "45"]
[EventDate "2019.09.07"]

1. e4 e5 2. Nf3 Nc6 3. Bc4 a6 4. d3 Nf6 5. Ng5 Qe7 6. Nxf7 Rg8 7. Ng5 Rh8 8.
Nc3 h6 9. Nf7 Na5 10. Nd5 Qxf7 11. Nxc7+ Kd8 12. Bxf7 Kxc7 13. Qd2 Kd8 14.
Qxa5+ Ke7 15. Bb3 Ke8 16. Qxe5+ Be7 17. Qf4 d6 18. e5 dxe5 19. Qxe5 b5 20. O-O
Nd7 21. Qe2 Nc5 22. Re1 Nxb3 23. Qxe7# 1-0

[Event "XXXIII. ODPRTO PRVENSTVO KOMENDE 2019"]
[Site "Komenda"]
[Date "2019.09.07"]
[Round "3.5"]
[White "Timagina, Sofia"]
[Black "Macek, Inti"]
[Result "0-1"]
[WhiteElo "1098"]
[BlackElo "1128"]
[PlyCount "116"]
[EventDate "2019.09.07"]

1. e4 e5 2. Bc4 Nf6 3. d3 Bc5 4. Nf3 Nc6 5. Nc3 d6 6. h3 Be6 7. Bb3 Qd7 8. Be3
Bb4 9. Qd2 Nh5 10. a3 Ba5 11. d4 exd4 12. Nxd4 Nxd4 13. Bxd4 c5 14. Ba4 Qxa4
15. Nxa4 Bxd2+ 16. Kxd2 cxd4 17. b3 Nf4 18. Rhg1 d5 19. e5 Rc8 20. Rab1 Bf5 21.
Rb2 b5 22. h4 bxa4 23. bxa4 d3 24. c3 Ne6 25. f3 h5 26. g4 hxg4 27. fxg4 Be4
28. h5 d4 29. cxd4 Nxd4 30. Ke3 Nf3 31. Rgb1 Rf8 32. a5 f6 33. exf6 gxf6 34. a4
Rd8 35. a6 Bc6 36. a5 d2 37. Ke2 Bd7 38. Rb7 Bxg4 39. Rxa7 d1=Q+ 40. Rxd1 Ne5+
41. Kf2 Rxd1 42. Rb7 Ra1 43. a7 Rxa5 44. Rb8+ Kf7 45. a8=Q Rxa8 46. Rxa8 Rxa8
47. Kg3 Bxh5 48. Kf4 Ra4+ 49. Ke3 Nd7 50. Kd3 Ke6 51. Ke3 Kd5 52. Kd3 Ra3+ 53.
Kc2 Kc4 54. Kb2 Rh3 55. Ka2 Kb4 56. Kb2 Rh2+ 57. Kc1 Kb3 58. Kb1 Rh1# 0-1

[Event "XXXIII. ODPRTO PRVENSTVO KOMENDE 2019"]
[Site "Komenda"]
[Date "2019.09.08"]
[Round "4.1"]
[White "Cimperman, Teo"]
[Black "Perme, Martin"]
[Result "0-1"]
[WhiteElo "1361"]
[BlackElo "1489"]
[PlyCount "86"]
[EventDate "2019.09.08"]

1. e4 c5 2. Nf3 d6 3. d4 cxd4 4. Nxd4 Nf6 5. Nc3 g6 6. Be3 Bg7 7. Qd2 O-O 8. f3
Nc6 9. O-O-O a6 10. h4 h5 11. Be2 Nxd4 12. Bxd4 b5 13. Bxf6 Bxf6 14. Nd5 Bg7
15. g4 e6 16. Nc3 b4 17. Nb1 Qa5 18. a3 Rb8 19. gxh5 Qxh5 20. axb4 Qe5 21. Qc3
Qf4+ 22. Qd2 Qf6 23. c3 Bd7 24. h5 g5 25. Rdg1 Bh6 26. f4 g4 27. Rxg4+ Kh7 28.
Qxd6 Rbd8 29. Bd3 Bb5 30. Bc2 Kh8 31. Qc7 Rd7 32. Qb6 Bxf4+ 33. Nd2 Bxd2+ 34.
Kb1 Bh6 35. Qg1 Bd3 36. Bxd3 Rxd3 37. Qe1 Rfd8 38. Qe2 Rd2 39. Qxa6 Qf3 40.
Rgg1 R2d4 41. Ka1 Ra8 42. Rg8+ Kxg8 43. Qa2 Qxh1# 0-1

[Event "XXXIII. ODPRTO PRVENSTVO KOMENDE 2019"]
[Site "Komenda"]
[Date "2019.09.08"]
[Round "4.2"]
[White "Lavrencic, Matic"]
[Black "Filippovsky, Nikita"]
[Result "1-0"]
[WhiteElo "1690"]
[BlackElo "1210"]
[PlyCount "95"]
[EventDate "2019.09.08"]

1. e4 c5 2. Nf3 Nc6 3. Bb5 g6 4. Bxc6 dxc6 5. h3 Bg7 6. d3 Nf6 7. Nc3 O-O 8.
O-O Qc7 9. Be3 b6 10. Nd2 Ba6 11. f4 e6 12. Qe1 Nd7 13. g4 Bd4 14. Qf2 Bxe3 15.
Qxe3 f5 16. e5 fxg4 17. hxg4 Qd8 18. Nf3 Qe7 19. Rf2 Rf7 20. Ng5 Rg7 21. Rh2
Rf8 22. Kg2 h5 23. Rah1 Rff7 24. gxh5 gxh5 25. Rxh5 Rxg5+ 26. Rxg5+ Rg7 27.
Rhh5 Nf8 28. Qh3 Nh7 29. Rxg7+ Qxg7+ 30. Qg3 Qxg3+ 31. Kxg3 Kg7 32. Ne4 c4 33.
d4 Bb7 34. Nd6 Ba6 35. c3 c5 36. dxc5 bxc5 37. Kg4 Kg6 38. f5+ exf5+ 39. Rxf5
Kh6 40. e6 Kg6 41. e7 Nf6+ 42. Rxf6+ Kxf6 43. e8=Q Bc8+ 44. Nxc8 a5 45. Qe7+
Kg6 46. Nd6 a4 47. Qf7+ Kh6 48. Nf5# 1-0

[Event "XXXIII. ODPRTO PRVENSTVO KOMENDE 2019"]
[Site "Komenda"]
[Date "2019.09.08"]
[Round "4.3"]
[White "Macek, Inti"]
[Black "Sefic, Lana"]
[Result "0-1"]
[WhiteElo "1128"]
[BlackElo "1185"]
[PlyCount "118"]
[EventDate "2019.09.08"]

1. d4 d5 2. c4 dxc4 3. Nc3 e6 4. e4 Bb4 5. Bxc4 c6 6. Nge2 h6 7. Bf4 Nf6 8. e5
Nd5 9. Bxd5 exd5 10. O-O O-O 11. a3 Bxc3 12. Nxc3 Qh4 13. Bg3 Qg4 14. Qxg4 Bxg4
15. h3 Bh5 16. f4 Nd7 17. f5 Nb6 18. Bh2 f6 19. e6 Kh7 20. Bd6 Rg8 21. e7 Nc8
22. g4 Bxg4 23. hxg4 Nxd6 24. Rfe1 Rge8 25. b3 h5 26. Re6 Nc8 27. Rae1 hxg4 28.
Kg2 Kg8 29. b4 Kf7 30. b5 Nxe7 31. bxc6 bxc6 32. Na4 Nxf5 33. Nc5 Nxd4 34. Rxe8
Rxe8 35. Rd1 Ne6 36. Nb7 Rb8 37. Rb1 Kg8 38. a4 Nd8 39. a5 Rxb7 40. Re1 Kf7 41.
Kg3 Rb5 42. Ra1 d4 43. Kxg4 c5 44. Kf3 Nc6 45. a6 Ne5+ 46. Ke4 d3 47. Ke3 c4
48. Kd2 g5 49. Rh1 Kg6 50. Rf1 Ra5 51. Kc3 Rxa6 52. Rg1 f5 53. Re1 Re6 54. Ra1
Nf3 55. Rxa7 d2 56. Kxc4 d1=Q 57. Kc3 Rc6+ 58. Kb4 Qb1+ 59. Ka5 Rb6 0-1

[Event "XXXIII. ODPRTO PRVENSTVO KOMENDE 2019"]
[Site "Komenda"]
[Date "2019.09.08"]
[Round "4.4"]
[White "Sefic, Benjamin"]
[Black "Babarovic, Fran"]
[Result "0-1"]
[WhiteElo "1286"]
[BlackElo "1235"]
[PlyCount "112"]
[EventDate "2019.09.08"]

1. e4 c6 2. Nf3 d5 3. Nc3 Nf6 4. d3 dxe4 5. dxe4 Qxd1+ 6. Nxd1 Nxe4 7. Nc3 Nxc3
8. bxc3 Bf5 9. Nd4 Bg6 10. Bc4 a5 11. O-O b5 12. Bd3 e6 13. Bxg6 hxg6 14. h3 e5
15. Nf3 Nd7 16. Re1 O-O-O 17. Nxe5 Re8 18. f4 f6 19. Nd3 Bc5+ 20. Kf1 Rxe1+ 21.
Kxe1 Re8+ 22. Kf1 Bb6 23. Bd2 Re4 24. Re1 Rc4 25. Re7 b4 26. cxb4 Rxc2 27. bxa5
Rxd2 28. Nb4 Bxa5 29. Nxc6 Rxa2 30. Nxa5 Rxa5 31. Rxg7 g5 32. g3 gxf4 33. gxf4
Rf5 34. Kg2 Rxf4 35. Rh7 Ne5 36. h4 Ng6 37. h5 Ne5 38. h6 Rh4 39. Kg3 Ng6 40.
Kf3 Kd8 41. Rf7 Rxh6 42. Rxf6 Nh4+ 43. Kg3 Rxf6 44. Kxh4 Rg6 45. Kh5 Rg8 46.
Kh6 Ke7 47. Kh7 Kf7 48. Kh6 Rg1 49. Kh5 Kf6 50. Kh4 Kf5 51. Kh3 Kf4 52. Kh2 Rg6
53. Kh3 Rg7 54. Kh2 Kf3 55. Kh1 Kf2 56. Kh2 Rh7# 0-1

[Event "XXXIII. ODPRTO PRVENSTVO KOMENDE 2019"]
[Site "Komenda"]
[Date "2019.09.08"]
[Round "4.5"]
[White "Lapanje, Ajda"]
[Black "Perme, Stanko"]
[Result "0-1"]
[WhiteElo "1115"]
[BlackElo "1624"]
[PlyCount "160"]
[EventDate "2019.09.08"]

1. e4 e5 2. Nf3 Nc6 3. Bc4 Bc5 4. d3 h6 5. Nc3 Nf6 6. Be3 Bb6 7. O-O d6 8. h3
O-O 9. Qd2 Kh7 10. d4 Na5 11. Be2 exd4 12. Nxd4 c5 13. Nf3 Be6 14. Bd3 Qd7 15.
Kh2 Bc7 16. e5+ g6 17. Bb5 Qc8 18. Bxh6 Rg8 19. Rfe1 a6 20. Bd3 c4 21. Bf1 d5
22. b3 cxb3 23. cxb3 Qd7 24. Bd3 Qc8 25. Qf4 Nh5 26. Qh4 Kxh6 27. Qg5+ Kh7 28.
Qxh5+ Kg7 29. Qg5 Bd8 30. Qf4 Qxc3 31. Red1 Nc6 32. Rac1 Qb2 33. Rc2 Qa3 34.
Ng5 Bxg5 35. Qxg5 Qe7 36. Qf4 Rh8 37. Bf1 Rh4 38. Qf3 Nd4 39. Qf6+ Qxf6 40.
exf6+ Kxf6 41. Rcd2 Nc6 42. Rd3 Ne5 43. Rc3 b6 44. a3 b5 45. Re1 d4 46. Rc5 Rh5
47. f4 Nd7 48. Rxh5 gxh5 49. Rd1 Bxb3 50. Rxd4 Ke6 51. Re4+ Kf6 52. Rd4 Nc5 53.
Rd2 Ne4 54. Rd4 Bc2 55. Be2 Nc3 56. Bxh5 Ra7 57. Kg3 Bg6 58. Bf3 Re7 59. Kf2
Nb1 60. Rd6+ Kg7 61. Rxa6 Bd3 62. Ra5 Kf6 63. Kg3 Kg7 64. Bc6 Re3+ 65. Kg4 Be2+
66. Kg5 f6+ 67. Kf5 Nxa3 68. Ra7+ Kh6 69. Kxf6 Rg3 70. Ra8 Rg6+ 71. Kf7 Bc4+
72. Kf8 Rxc6 73. Rxa3 b4 74. Rg3 b3 75. Ke7 b2 76. Rg4 b1=Q 77. Rh4+ Kg6 78.
Rg4+ Kf5 79. Rh4 Qb7+ 80. Kf8 Rc8# 0-1

[Event "XXXIII. ODPRTO PRVENSTVO KOMENDE 2019"]
[Site "Komenda"]
[Date "2019.09.08"]
[Round "5.1"]
[White "Cimperman, Teo"]
[Black "Lavrencic, Matic"]
[Result "0-1"]
[WhiteElo "1361"]
[BlackElo "1690"]
[PlyCount "74"]
[EventDate "2019.09.08"]

1. e4 c5 2. Nf3 e6 3. d4 cxd4 4. Nxd4 Nf6 5. Nc3 d6 6. Be3 a6 7. f3 b5 8. a3
Nbd7 9. Be2 Bb7 10. Qd2 Rc8 11. O-O d5 12. exd5 Nxd5 13. Nxd5 Bxd5 14. Rfe1 Bc5
15. c3 O-O 16. Bf1 Nb6 17. Rad1 Qc7 18. Kh1 Bc4 19. b4 Be7 20. Bf4 Qb7 21. Bg3
Bxf1 22. Rxf1 Nc4 23. Qc1 Nb6 24. Rd3 Bf6 25. Re1 Rfd8 26. Re4 Na4 27. Be1 e5
28. Bh4 Bxh4 29. Rxh4 exd4 30. Qg5 f6 31. Qf5 h6 32. Rd1 dxc3 33. Re1 c2 34.
Rxh6 gxh6 35. Qg4+ Qg7 36. Qe6+ Kh8 37. Rc1 Rd1+ 0-1

[Event "XXXIII. ODPRTO PRVENSTVO KOMENDE 2019"]
[Site "Komenda"]
[Date "2019.09.08"]
[Round "5.2"]
[White "Perme, Martin"]
[Black "Sefic, Lana"]
[Result "0-1"]
[WhiteElo "1489"]
[BlackElo "1185"]
[PlyCount "102"]
[EventDate "2019.09.08"]

1. e4 e5 2. Nf3 Nc6 3. Bc4 Bc5 4. Nc3 d6 5. h3 Nf6 6. d3 h6 7. Be3 Bb6 8. Qd2
Be6 9. Bb3 Ba5 10. O-O-O Bxb3 11. axb3 Qd7 12. Nh2 d5 13. exd5 Nxd5 14. f4 exf4
15. Bxf4 O-O-O 16. Nf3 f6 17. Rde1 g5 18. Bh2 Rhe8 19. Qf2 Nxc3 20. bxc3 Bxc3
21. Nd2 f5 22. Rxe8 Rxe8 23. Rf1 Kb8 24. Bg1 Qe7 25. Nc4 Qe1+ 26. Rxe1 Rxe1+
27. Qxe1 Bxe1 28. Ne3 Nd4 29. Kd1 Ba5 30. Nd5 Ne6 31. Ne7 f4 32. Nf5 h5 33. Ke2
c6 34. Kf3 Kc7 35. Ke4 b6 36. Ke5 Kd7 37. Nd4 Bc3 38. Ke4 Nxd4 39. Bxd4 Bxd4
40. Kxd4 Ke6 41. Ke4 c5 42. c3 a5 43. d4 c4 44. bxc4 a4 45. Kd3 Kd6 46. Kc2 g4
47. c5+ bxc5 48. dxc5+ Kxc5 49. hxg4 hxg4 50. Kd2 f3 51. gxf3 gxf3 0-1

[Event "XXXIII. ODPRTO PRVENSTVO KOMENDE 2019"]
[Site "Komenda"]
[Date "2019.09.08"]
[Round "5.3"]
[White "Filippovsky, Nikita"]
[Black "Babarovic, Fran"]
[Result "1-0"]
[WhiteElo "1210"]
[BlackElo "1235"]
[PlyCount "45"]
[EventDate "2019.09.08"]

1. e4 c6 2. d4 d5 3. exd5 cxd5 4. Bd3 Nc6 5. c3 e5 6. Qe2 Qe7 7. dxe5 Nxe5 8.
Bb5+ Bd7 9. Bxd7+ Nxd7 10. Bf4 Ngf6 11. Nd2 Qxe2+ 12. Nxe2 Bc5 13. O-O O-O 14.
b4 Bb6 15. Nb3 Rfe8 16. Ned4 Rac8 17. Rac1 Ne4 18. Rfe1 Kf8 19. h3 Nxc3 20.
Bd6+ Kg8 21. Rxe8+ Rxe8 22. Rxc3 Re4 23. Rc8+ 1-0

[Event "XXXIII. ODPRTO PRVENSTVO KOMENDE 2019"]
[Site "Komenda"]
[Date "2019.09.08"]
[Round "5.4"]
[White "Perme, Stanko"]
[Black "Timagina, Sofia"]
[Result "0-1"]
[WhiteElo "1624"]
[BlackElo "1098"]
[PlyCount "112"]
[EventDate "2019.09.08"]

1. e4 e5 2. Nf3 Nc6 3. Bc4 Bc5 4. Nc3 Nf6 5. d3 h6 6. Be3 Bb6 7. h3 d6 8. O-O
Be6 9. Bb3 O-O 10. Qd2 Kh7 11. Bxb6 axb6 12. d4 exd4 13. Nxd4 Nd7 14. f4 Nxd4
15. Qxd4 Qh4 16. Kh2 Bxb3 17. cxb3 f5 18. exf5 Rxf5 19. Qe4 g6 20. g3 Qd8 21.
Nd5 Rf7 22. Rac1 Nc5 23. Qe3 Rxa2 24. Rf2 Ra8 25. b4 c6 26. Nc3 Re7 27. Qf3 Nd7
28. f5 g5 29. f6 Rf7 30. Qf5+ Kh8 31. Qg6 Rxf6 32. Rxf6 Qxf6 33. Qd3 Ne5 34.
Qd4 Nf3+ 35. Kg2 Nxd4 36. Rf1 Qxf1+ 37. Kxf1 Kg7 38. Ne4 Ra2 39. Nxd6 Rxb2 40.
Nxb7 Rxb4 41. Nd6 c5 42. Ne4 c4 43. Ke1 Rb3 44. Kd1 c3 45. Kc1 c2 46. Nd2 Rxg3
47. Nf1 Rxh3 48. Nd2 g4 49. Ne4 g3 50. Nxg3 Rxg3 51. Kd2 b5 52. Kc1 Rg1+ 53.
Kd2 c1=Q+ 54. Kd3 Qc4+ 55. Ke4 Rg4+ 56. Ke5 Qe6# 0-1

[Event "XXXIII. ODPRTO PRVENSTVO KOMENDE 2019"]
[Site "Komenda"]
[Date "2019.09.08"]
[Round "5.5"]
[White "Sefic, Benjamin"]
[Black "Lapanje, Ajda"]
[Result "0-1"]
[WhiteElo "1286"]
[BlackElo "1115"]
[PlyCount "48"]
[EventDate "2019.09.08"]

1. e4 e5 2. Nf3 Nc6 3. Nc3 Nf6 4. Bc4 Bc5 5. d3 h6 6. O-O d6 7. Qe2 Bg4 8. h3
Bh5 9. Be3 Bb6 10. Bxb6 axb6 11. Qd1 O-O 12. d4 Qd7 13. Qd2 Bxf3 14. gxf3 Nxd4
15. Rfd1 Nxf3+ 16. Kf1 Qxh3+ 17. Ke2 Nxd2 18. Rxd2 Qg4+ 19. f3 Qg2+ 20. Ke3
Qg5+ 21. Ke2 Nh5 22. Kd3 Nf4+ 23. Ke3 Nd5+ 24. Kd3 Qe3# 0-1